000 01083cam a22002054a 4500
005 20250605164234.0
008 250528s ||||||||||||||||||||||||d
035 _a21066
020 _a9780495093619
040 _aGR-AtMCL
_bgre
_dGR-AtMCL
_eAACR2
245 1 _aStatistical Methods for Psychology / Sixth Edition
250 _a6th
260 _bThomson/ Wadsworth,
_c2007
300 _a746
520 _aBasic Concepts, Describing and Exploring Data, The Normal Distribution, Sampling Distributions and Hypothesis Testing, Basic Concepts of Probability, Categorical Data and Chi-Square, Hypothesis Tests Applied to Means, Power, Correlation and Regression, Alternative Correlational Techniques, Simple Analysis of Variance, Multiple Comparisons among Treatment Means, Factorial Analysis of Variance, Repeated Measures Designs, Multiple Regression, Analyses of Variance and Covariance as General Linear Models, Log-Linear Analysis, Resampling and Nonparametric Approaches to Data.
700 1 _aHowell David C
_93237
942 _cBK
999 _c6137
_d6137